Statistics for Years by historical event

Click here to take the quiz!

General Stats

  • This quiz has been taken 44 times
  • The average score is 9 of 10

Answer Stats

EventYear% Correct
The first world war begins1914
100%
Germany invades Poland, starting world war 21939
100%
The Berlin wall falls1989
100%
The start of the great depression1929
97%
Pearl Harbor is bombed by the Japanese Empire1941
97%
Multiple terroist attacks on the USA, preformed by Al-qaeda2001
95%
The U.S. declares it's independence from Great Britain1776
92%
The Soviet Union collapses1991
92%
South Sudan gains it's independence from Sudan.2011
86%
The American civil war starts1861
78%

Score Distribution

Percentile by Number Answered

Percent of People with Each Score

Your Score History

You have not taken this quiz